1406 1444 1714 1482 1695 1384 1030 1367 1289 1955 1341 1301 1537 1399 1923 1082 1023 1629 1833 1562 1089 1456 1923 1783 1040 1978 1811 1879 1117 1254 1223 1368 1864 1985 1107 1223 1492 1315 1503 1627 1836 1926 1883 1993 1082 1039 1583 1552 1403 1141 1081 1707 1043 1989 1119 1090 1218 1601 1821 1101 1840 1207 1548 1869 1295 1461 1375 1951 1189 1966 1553 1264 1072 1874 1458 1796 1116 1720 1762 1615 1598 1434 1244 1392 1323 1743 1413 1649 1873 1378 1498 1629 1176 1278 1938 1997 1970 1509 1815 BCNSPRNW ULIB Ver.6.0+V

เปลี่ยนเป็นภาษาไทย

Change to English
 แสดงรายละเอียดบรรณานุกรม
  กลับหน้าหลัก

Brief Record : Get Marc (ISO 2709) : E-mail record : QR code < ปิดหน้าต่าง
LEADER : 00000nam 2200000uu 4500
001    13399125205
003     ULIB
008    161110s2559||||th 000 0 tha d
020    ^a9786169144748
060    ^aWY152^bย442ส
100    ^aยุวนุช ทินนะลักษณ์,^eถอดบทเรียนและเรียบเรียง
245 10 ^aสุข...สงบใจในแสงสุดท้าย ปัญญาปฏิบัติของพยาบาลการดูแลแบบประคับประคอง /^cถอดบทเรียนและเรียบเรียงโดย ยุวนุช ทินนะลักษณ์
260    ^a[นนทบุรี] :^bเกศิณี,^c2559.
300    ^a126 หน้า :^bภาพประกอบ.
650  7 ^aผู้ป่วยระยะสุดท้าย^xการดูแล
650  7 ^aการรักษาเพื่อบรรเทาอาการ
710 2  ^aชมรมพยาบาลแบบประคับประคอง
710 2  ^aสมาคมพยาบาลแห่งประเทศไทยในพระราชูปถัมภ์สมเด็กพระศรีนครินทราบรมราชชนี
945    ^p0^l0^i001480
999    ^aวรรณษา ชูชัยมงคล
รายการนี้ยังไม่มีแท็ก
คุณยังไม่ได้ล็อกอิน คุณสามารถมีกิจกรรมร่วมกับเว็บไซต์ได้ แต่ต้องล็อกอินก่อน ::
  ล็อกอิน

รายการสื่อสารสนเทศ

ลำดับที่ ประเภท เลขเรียก/บาร์โค้ด สถานที่ สถานะ
1. การศึกษาทั่วไป
การศึกษาทั่วไป
WY152 ย442ส ฉ.1 
  Barcode: 001480
ห้องสมุดวิทยาเขตสวรรค์ประชารักษ์
►หนังสือทั่วไป
บนชั้น

รายการใกล้เคียง
    หัวเรื่อง [การรักษาเพื่อบรรเทาอาการ]

BibComment


ยังไม่เคยถูกคอมเมนท์

คอมเมนท์ทรัพยากรรายการนี้
  คอมเมนท์: สุขสงบใจในแสงสุด..


 Copyright 2026. Bcnsprnw @Library